Entry Nombre personal
001 - NÚMERO DE CONTROL
- campo de control: 78458
003 - IDENTIFICADOR DE NÚMERO DE CONTROL
- campo de control: OSt
005 - FECHA Y HORA DE LA ÚLTIMA TRANSACCIÓN
- campo de control: 20250913164831.0
008 - ELEMENTOS DE DATO DE LONGITUD-FIJA
- campo de control de longitud fija: 030205 n acnnnaaan n ann d
040 ## - FUENTE DE CATALOGACIÓN
- Centro catalogador/agencia de origen: OSt
- Centro/agencia transcriptor: OSt
100 1# - ENCABEZAMIENTO-NOMBRE DE PERSONA
- Nombre de persona: Martínez-Val, José María,
- Fechas asociadas al nombre: 1951-
400 1# - TRAZADO DE VÉASE--NOMBRE DE PERSONA
- Nombre de persona: Martínez Val, José María (
- Fechas asociadas al nombre: 1951-)
400 1# - TRAZADO DE VÉASE--NOMBRE DE PERSONA
- Nombre de persona: Martínez-Val, J. M. (
- Fechas asociadas al nombre: 1951-)
400 1# - TRAZADO DE VÉASE--NOMBRE DE PERSONA
- Nombre de persona: Martínez-Val, José M. (
- Fechas asociadas al nombre: 1951-)
400 1# - TRAZADO DE VÉASE--NOMBRE DE PERSONA
- Nombre de persona: Martínez-Val Peñalosa, José María (
- Fechas asociadas al nombre: 1951-)
